00570 a2200157 450000500170000000800410001701000140005802000110007203500130008303700150009608200080011124501400011926000760025927000540033530000230038920080908163612.0080908t xxu||||| |||| 00| 0aeng d aENG-87685 c400.00 aEN-71218 bDBAD / PUB a921 aIn the footsteps of Mahatma Gandhiblife and writings of N. Krishnaswamycedited by P.V. Rajagopal, A.L. Rangarajan and S. Jeyapragasam aMaduraibInternational Gandhian Institute for Nonviolence & Peacec2006 aIGINP, CESCI, Majagram, KadavurbMaduraie625 014 a512 p.c21 cm (Hb)